Statystyki dla Gdzie odbyły się te piłkarskie Mistrzostwa świata

Kliknij tutaj aby rozwiązać quiz!

Ogólne statystyki

  • Ten quiz został rozwiązany 157 razy
  • Średni wynik to 7 z 10

Statystyki odpowiedzi

RokGospodarz% Poprawnych
2010RPA
92%
2014Brazylia
91%
2006Niemcy
83%
1986Meksyk
68%
1994Usa
65%
1934Włochy
61%
1974RFN
60%
2002Korea Południowa i Japonia
54%
1958Szwecja
47%
1938Francja
43%

Rozkład punktacji

Percentyl według liczby udzielonych odpowiedzi

Procent ludzi z każdym wynikiem

Twoja historia wyników

Nie rozwiązałeś tego quizu